000 00435nam a2200157Ia 4500
008 240729s9999 xx 000 0 und d
022 _a2643-6248
245 0 _aFlorida Public Health Review
260 _aUnited States
260 _bUniversity of North Florida
650 _a Public aspects of medicine
650 _aMedicine
856 _uhttps://doaj.org/toc/5e6ec3e454a14dd6ae4d5162d87d2a67
942 _2ddc
942 _cDOAJEJ
999 _c70859
_d70859
945 _a1
_bMadushi Gamage
_c1
_dMadushi Gamage